El derecho penal, robots, IA y cibercriminalidad desafo̕s ťicos y jurd̕icos ¿Hacia una distopa̕? /

Bibliographic Details
Main Author: Lled ̤Benito, Ignacio
Format: eBook
Language:Portuguese
Published: Madrid: Dykinson,
Subjects:
Online Access:Acceso restringido

MARC

LEADER 00000nam a22000007a 4500
005 20220720015030.0
007 cr|||| ||||
008 220720s2022 br |||||s|||| 00||0 por d
020 |a 978-84-1122-150-4 
035 |a 36474 
040 |a vLex 
090 |c 13623  |d 13623 
100 1 |a Lled ̤Benito, Ignacio 
245 1 2 |a El derecho penal, robots, IA y cibercriminalidad  |h [Recurso electrn̤ico] :  |b desafo̕s ťicos y jurd̕icos ¿Hacia una distopa̕? /  |c Ignacio Lled ̤Benito 
256 |a Servicio en ln̕ea 
260 |a Madrid:  |b Dykinson, 
300 |a 1 recurso electrn̤ico 
500 |a El autor aborda en la actualidad una segunda y novedosa ln̕ea de investigacin̤ que tiene como resultado la presente monografa̕, todava̕ poco tratada en la literatura cientf̕ica, por actual, novedosa y de difc̕il encaje en el Derecho penal. En su investigacin̤ nos pone de manifiesto hb̀iles y sugerentes interrogantes en un campo y enfoque tan actual como es la Robt̤ica, la Inteligencia Artificial y la Cibercriminalidad dentro del Derecho penal. En esta monografa̕ pone de manifiesto su talento, formacin̤ y capacidad para abordar sugerentes reflexiones en torno tanto al inusitado m̀bito de una distopica realidad entorno a la responsabilidad penal de los robots inteligentes, cuando son dominados por sistemas algort̕micos de alta tecnologa̕ y štas mq̀uinas pensantes acta︢n fuera del control de su creador y son capaces de tener autonoma̕ e independencia e incurrir en conductas delictivas y es ah ̕cuando debe intervenir el ius puniendi, pero ¿cm̤o y contra quiň: programador, fabricante, usuario?. Otro de los m̀bitos importantes de esta investigacin̤ es el espacio de la Cibercriminalidad y su contrapunto la Ciberseguridad, que deben de tomar muy en serio los Estados en el actual panorama geopolt̕ico y dn̤de el Derecho penal se enfrenta a un conjunto de realidades virtuales que conforman el ciberespacio, que es un espacio “no fs̕ico” donde convergen conductas desviadas, espionaje y ciberdelitos que demandan nuevos instrumentos punitivos y preventivos por parte de los Estados. El autor ha conseguido suscitar interš y reflexin̤ en temas en los que el derecho penal no puede quedar ajeno a su estudio, y en los que sorprende por su notable bagaje intelectual y opinin̤ en torno a unos temas tan modernos, actuales y cambiantes como son: la Robt̤ica, Inteligencia Artificial y la Cibercriminalidad. 
506 1 |a Disponible solo en los productos indicados  |d vLex Global  |d vLex Global (Academic Edition, excluding Law Schools)  |d vLex Global (U.S. Academic Edition, Law Schools)  |d vLex Global (U.S. Academic Edition, excluding Law Schools)  |d vLex Global (Academic Edition, Law Schools) 
650 0 4 |a Derecho Penal  |z Espaą 
650 0 4 |a Derecho de las Nuevas Tecnologa̕s  |z Espaą 
650 0 4 |a Derecho Militar  |z Espaą 
650 0 4 |a Filosofa̕ y religin̤  |z Espaą 
740 0 |a vLex Libros (Servicio en ln̕ea) 
856 4 0 |u https://app.vlex.com/#/sources/36474  |z Acceso restringido 
942 |c BOOK 
999 0 |a Criminal Law 
999 0 |a Law of New Technologies 
999 0 |a Military Law 
999 0 |a Philosophy and religion